Offering Bribes A Legi-Pragmatic Perspective /

Detalles Bibliográficos
Autor principal: Algburi, Basim Yahya Jasim
Formato: eBook
Lenguaje:inglés
Publicado: Bagdad: Lambert Academic Publishing, 2019
Materias:
Acceso en línea:Acceso restringido

MARC

LEADER 00000nam a22000007a 4500
005 2019092008148.0
007 cr|||| ||||
008 190920s2019 iq |||||s|||| 00||0 eng d
020 |a 9786139471638 
035 |a 29815 
040 |a vLex 
090 |c 9604  |d 9604 
100 1 |a Algburi, Basim Yahya Jasim 
245 1 0 |a Offering Bribes  |h [Recurso electrn̤ico] :  |b A Legi-Pragmatic Perspective /  |c Basim Yahya Jasim Algburi 
256 |a Servicio en ln̕ea 
260 |a Bagdad:  |b Lambert Academic Publishing,  |c 2019 
300 |a 1 recurso electrn̤ico 
500 |a Offering a bribe is generally thought of as giving something of value with corrupt intent to influence an action of a civil servant in his official capacity. This act can be accomplished physically or verbally hiding behind elaborate code words built in socio-pragmatic norms specific to a given community so that they can easily mislead those outside the transaction. The present paper approaches this offence from two perspectives: legal and pragmatic. It shows how it has been perceived in criminal laws and how it is realized through socio-linguistic expressions which can potentially be understood by the interactants as signs of offering bribes. The study is guided by two research questions: Are there linguistic expressions from which the speakers of Iraqi Arabic can typically infer that the speaker is offering bribes? And what insights can the pragmatic analysis offer the judge or trier of facts in evaluating the evidence on this offence? The major argument in the present paper is that the linguistic evidence can have no less evidentiary value in detecting the corrupt intent of bribery than the circumstantial evidence. 
506 1 |a Disponible solo en los productos indicados  |d vLex Global  |d vLex Global (Academic Edition, excluding Law Schools)  |d vLex Global (U.S. Academic Edition, Law Schools)  |d vLex Global (U.S. Academic Edition, excluding Law Schools)  |d vLex Global (Academic Edition, Law Schools) 
650 0 4 |a Derecho Penal  |z Iraq 
740 0 |a vLex Libros (Servicio en ln̕ea) 
856 4 0 |u http://vlex.com/source/29815  |z Acceso restringido 
942 |c BOOK 
999 0 |a Criminal law